| 000 | 00684cam a2200193 4500 | ||
|---|---|---|---|
| 001 | WB3630-35 | ||
| 008 | 000000n2000 000 0 eng u | ||
| 035 | _a(Sirsi) u107534 | ||
| 245 | _aHill farming | ||
| 260 | _c2000 | ||
| 490 |
_aMAFF News Release _v(269) 2 August 2000 (1) |
||
| 520 | _aGovernment has announced details of a new method of support for hill farmers. Under the proposals, payments to farmers as compensation for hill farming will be based on the area of land farmed rather than the number of stock. | ||
| 590 | _aWB | ||
| 650 | _aHILL FARMING | ||
| 650 | _aHILL FARMERS | ||
| 650 | _aCOMPENSATION | ||
| 690 | _aRURAL-AGRICULTURE AND FORESTRY | ||
| 942 | _n0 | ||
| 999 |
_c64274 _d64274 |
||